A short history of cultural studies (Record no. 358872)

MARC details
000 -LEADER
fixed length control field 00591nam a2200193Ia 4500
008 - FIXED-LENGTH DATA ELEMENTS--GENERAL INFORMATION
fixed length control field 191130s2003##################000#0#eng##
020 ## - INTERNATIONAL STANDARD BOOK NUMBER
ISBN 9780761950288
082 ## - DEWEY DECIMAL CLASSIFICATION NUMBER
Classification number 306.0722 HAR
100 ## - MAIN ENTRY--AUTHOR NAME
Personal name Hartley, John
245 ## - TITLE STATEMENT
Title A short history of cultural studies
Statement of responsibility, etc John Hartley
260 ## - PUBLICATION, DISTRIBUTION, ETC. (IMPRINT)
Place of publication Thousand Oaks, CA
Name of publisher SAGE
Year of publication 2003
300 ## - PHYSICAL DESCRIPTION
Number of Pages 189 p. : ill. ; 25 cm
500 ## - GENERAL NOTE
General note Includes bibliographical references (p. [177]-183) and index
650 ## - SUBJECT ADDED ENTRY--TOPICAL TERM
Topical Term Culture - Study and teaching
991 ## -
-- 158479
Holdings
Withdrawn status Lost status Damaged status Not for loan Home library Current library Shelving location Date acquired Full call number Accession Number Price effective from Koha item type
        Anna Centenary Library Anna Centenary Library 3RD FLOOR, B WING 17.10.2020 306.0722 HAR 163166 17.10.2020 English Books

Find us on the map